| 000 | 00686nam a2200229 u 4500 | ||
|---|---|---|---|
| 005 | 20220608063503.0 | ||
| 008 | 100527s2005 es r 000 0 spa d | ||
| 020 | _a8423676706 | ||
| 035 | _aUPN01000176167 | ||
| 049 | _aCG | ||
| 050 | 4 |
_aPQ6651 G8.7 _bC3.7 2005 |
|
| 100 | 1 |
_aAgur Meabe, Miren, _d1962- _930344 |
|
| 245 | 1 | 3 |
_aLa casa del acantilado / _cMiren Agur Meabe. |
| 250 | _a2a ed. | ||
| 260 |
_aBarcelona, Esp. : _bEdebé, _c2005. |
||
| 300 |
_a130 p. : _bil. |
||
| 440 | 0 |
_aPeriscopio ; _v81 |
|
| 534 |
_pTítulo original: _tItsaslabarreko etxea |
||
| 650 | 0 |
_aLiteratura juvenil española _912359 |
|
| 650 | 0 |
_aCuentos policíacos y de misterio _92405 |
|
| 905 | _aLibro | ||
| 999 |
_c148270 _d148270 |
||